000 00938nam a2200253Ia 4500
003 OSt
005 20221005103703.0
006 a|||||r|||| 00| 0
007 ta
008 221004b |||||||| |||| 00| 0 hin d
020 _c250
024 _a86693
037 _b156, 28/03/2007, Swaraj Book Distributor
_cTextual
040 _aCRL
_cCRL
_bhin
041 _2hin
_ahin
082 _aNT4481(P152), 152P0
100 _aगौतम, रमेश, संपा.
245 0 _aदिल्ली का हिंदी नाटक और रंगमंच
246 _aDillī kā hiandī nāṭak aur rangamancha
260 _aदिल्ली
_bअभिरूचि प्रकाशन भारत
_c2006
300 _a224पृ0
_ccm.
942 _hNT4481(P152), 152P0
_cTEXL
_2cc
999 _c1010625
_d1010625